00422pab a2200133 454500008004000000100001900040245008800059260000900147300001300156362001200169650003600181650002300217773004800240180718b2001 xxu||||| |||| 00| 0 eng d aEspos, Edna A. aInstitutions, regulation and performance: the case of Philippine telecommunications c2001 ap.38-61. aJan-Oct aTelecommunications - Philippine aTelecommunications aPhilippine Journal of Public Administration